Principles of corporate insolvency law / (Record no. 468)

000 -LEADER
fixed length control field 00939cam a2200301 a 4500
001 - CONTROL NUMBER
control field 14305169
003 - CONTROL NUMBER IDENTIFIER
control field OSt
005 - DATE AND TIME OF LATEST TRANSACTION
control field 20140116120828.0
008 - FIXED-LENGTH DATA ELEMENTS--GENERAL INFORMATION
fixed length control field 060227s2005 enk 001 0 eng d
010 ## - LIBRARY OF CONGRESS CONTROL NUMBER
LC control number 2006386108
020 ## - INTERNATIONAL STANDARD BOOK NUMBER
International Standard Book Number 9780421930209
040 ## - CATALOGING SOURCE
Transcribing agency UkOxU
Modifying agency DLC
042 ## - AUTHENTICATION CODE
Authentication code lccopycat
043 ## - GEOGRAPHIC AREA CODE
Geographic area code e-uk-en
050 00 - LIBRARY OF CONGRESS CALL NUMBER
Classification number KD2149.G66 2005
100 1# - MAIN ENTRY--PERSONAL NAME
Personal name Goode, Royston.
245 10 - TITLE STATEMENT
Title Principles of corporate insolvency law /
Statement of responsibility, etc Roy Goode.
250 ## - EDITION STATEMENT
Edition statement 3rd ed.
Remainder of edition statement [student ed.]
260 ## - PUBLICATION, DISTRIBUTION, ETC. (IMPRINT)
Place of publication, distribution, etc London :
Name of publisher, distributor, etc Sweet & Maxwell; Thomson Reuters,
Date of publication, distribution, etc 2005.
300 ## - PHYSICAL DESCRIPTION
Extent lxxxvi, 673 p.
504 ## - BIBLIOGRAPHY, ETC. NOTE
Bibliography, etc Includes index and bibliography
650 #0 - SUBJECT ADDED ENTRY--TOPICAL TERM
Topical term or geographic name as entry element Bankruptcy
Geographic subdivision England.
650 #0 - SUBJECT ADDED ENTRY--TOPICAL TERM
Topical term or geographic name as entry element Liquidation
Geographic subdivision England.
650 #0 - SUBJECT ADDED ENTRY--TOPICAL TERM
Topical term or geographic name as entry element Conflict of laws
General subdivision Bankruptcy
Geographic subdivision England.
906 ## - LOCAL DATA ELEMENT F, LDF (RLIN)
a 7
b cbc
c copycat
d 2
e ncip
f 20
g y-gencatlg
942 ## - ADDED ENTRY ELEMENTS (KOHA)
Source of classification or shelving scheme
Koha item type Book
Holdings
Withdrawn status Lost status Source of classification or shelving scheme Damaged status Not for loan Home library Current library Date acquired Source of acquisition Total Checkouts Full call number Barcode Date last seen Date checked out Copy number Price effective from Koha item type Total Renewals Checked out
          Riara University Library Riara University Library 20/10/2011 Purchase 4 KD2149.G66 2005 349/11 10/07/2017 28/06/2017 C.1 20/10/2011 Book    
          Riara University Library Riara University Library 20/10/2011 Purchase 12 KD2149.G66 2005 350/11 25/04/2024 15/04/2024 C.2 20/10/2011 Book 1  
          Riara University Library Riara University Library 20/10/2011 Purchase 11 KD2149.G66 2005 351/11 04/09/2019 05/07/2019 C.3 20/10/2011 Book 3  
          Riara University Library Riara University Library 04/06/2013   4 KD2149.G66 2011 4187/13 02/04/2024 02/04/2024 C.4 04/06/2013 Book 4 04/05/2024
          Riara University Library Riara University Library 04/06/2013   7 KD 2149.G66 2011 4188/13 25/04/2024 26/03/2024 C.5 04/06/2013 Book 2  
          Riara University Library Riara University Library 04/06/2013   3 KD 2149.G66 2011 4186/13 08/04/2024 27/03/2024 C.6 04/06/2013 Book    
          Riara University Library Riara University Library 04/06/2013   9 KD 2149.G66 2011 4185/13 25/04/2024 22/04/2024 C.7 04/06/2013 Book 1  
          Riara University Library Riara University Library 04/06/2013   7 KD 2149.G66 2011 4184/13 02/04/2024 27/03/2024 C.8 04/06/2013 Book 3  
          Riara University Library Riara University Library 05/06/2013   7 KD2149.G66 2011 4181/13 04/04/2024 01/04/2024 C.9 05/06/2013 Book 3  

Riara University Library,
P.O. Box 49940-00100,
Nairobi, Kenya.